Flags Tile Select - Statistics

General Stats
  • This quiz has been taken 268 times
  • The average score is 66 of 80
Answer Stats
Question Tile Select % Correct
of island nations No
99%
of island nations No
98%
of island nations No
98%
of island nations No
97%
of island nations No
97%
of island nations No
96%
of island nations Yes
96%
of island nations No
96%
of island nations No
96%
of island nations No
92%
of countries starting with M No
92%
of countries starting with M No
92%
of countries starting with M No
91%
of countries starting with M No
91%
of countries starting with M No
91%
of African countries No
91%
of African countries No
91%
of African countries No
91%
of African countries No
91%
of island nations Yes
90%
of island nations No
90%
of former Soviet Republics No
90%
of former Soviet Republics No
90%
of former Soviet Republics No
90%
of countries starting with M No
90%
of countries starting with M No
90%
of African countries No
90%
of African countries Yes
90%
of African countries No
90%
of African countries No
90%
of former Soviet Republics No
89%
of former Soviet Republics No
89%
of countries starting with M No
89%
of African countries Yes
89%
of former Soviet Republics No
88%
of countries starting with M No
88%
of island nations Yes
87%
of former Soviet Republics No
87%
of countries starting with M Yes
87%
of African countries No
87%
of former Soviet Republics No
86%
of NATO members No
86%
of former Soviet Republics Yes
85%
of countries starting with M Yes
85%
of countries starting with M Yes
85%
of African countries Yes
85%
of NATO members No
85%
of NATO members No
85%
of island nations Yes
84%
of former Soviet Republics Yes
84%
of African countries Yes
84%
of NATO members No
84%
of island nations Yes
83%
of countries starting with M Yes
83%
of countries starting with M Yes
83%
of African countries Yes
83%
of African countries Yes
83%
of countries starting with M Yes
82%
of NATO members No
81%
of African countries Yes
80%
of former Soviet Republics Yes
79%
of NATO members Yes
77%
of former Soviet Republics Yes
75%
of African countries No
75%
of former Soviet Republics Yes
74%
of NATO members Yes
74%
of NATO members Yes
74%
of NATO members Yes
73%
of NATO members No
71%
of former Soviet Republics No
70%
of former Soviet Republics Yes
67%
of countries starting with M Yes
67%
of NATO members No
65%
of island nations Yes
64%
of NATO members Yes
64%
of former Soviet Republics Yes
61%
of NATO members No
57%
of NATO members Yes
53%
of NATO members No
38%
of NATO members No
32%
No matching quizzes found
Score Distribution
Percent of People with Each Score
Percentile by Number Answered
Your Score History
You have not taken this quiz